Sexualidad en adolescentes /
Uloženo v:
| Hlavní autor: | |
|---|---|
| Další autoři: | |
| Médium: | Text |
| Tagy: |
Přidat tag
Žádné tagy, Buďte první, kdo vytvoří štítek k tomuto záznamu!
|
MARC
| LEADER | 00000 a a2200000 04500 | ||
|---|---|---|---|
| 001 | 110 | ||
| 003 | |||
| 040 | |||
| 100 | |a Calderón S., Odalía | ||
| 245 | |a Sexualidad en adolescentes / |c Odalía Calderón S. | ||
| 700 | |a Sandoval C., Irma | ||
| 773 | |g número 9 -10; páginas 45-63 | ||
| 999 | |c 21575 |d 21575 | ||
| 773 | 0 | |0 18806 |9 2167 |a Universidad Nacional de Costa Rica |d Heredia: C.R.: EUNA |o 02267 |t ABRA |x 14093928 | |
